Central Library OPAC University of Rajshahi

Select inscriptions of Bihar : (Record no. 26867)

MARC details
000 -LEADER
fixed length control field 00714nam a22002297 4500
001 - CONTROL NUMBER
control field 26867
003 - CONTROL NUMBER IDENTIFIER
rucl marc code BD-RjUL
005 - DATE AND TIME OF LATEST TRANSACTION
control field 20211209051058.0
008 - FIXED-LENGTH DATA ELEMENTS--GENERAL INFORMATION
fixed length control field 140323s1958 ii 000 0 eng
035 ## - SYSTEM CONTROL NUMBER
System control number (BD-RjUL)26938
040 ## - CATALOGING SOURCE
Original cataloging agency DLC
Transcribing agency DLC
Modifying agency DLC
Language of cataloging eng
041 ## - LANGUAGE CODE
Language code of text/sound track or separate title eng
082 ## - DEWEY DECIMAL CLASSIFICATION NUMBER
Classification number 954.12
Author mark and year CHS 1958
100 1# - MAIN ENTRY--PERSONAL NAME
Personal name Choudhary, Radhakrishna. [from old catalog]
9 (RLIN) 82568
245 00 - TITLE STATEMENT
Title Select inscriptions of Bihar :
Remainder of title introduction and appendix in English and text in Sanskrit /
Statement of responsibility, etc. With a foreword by D.C. Sircar.
260 ## - PUBLICATION, DISTRIBUTION, ETC. (IMPRINT)
Place of publication, distribution, etc. Patna :
Name of publisher, distributor, etc. Shanti Devi,
Date of publication, distribution, etc. 1958.
300 ## - PHYSICAL DESCRIPTION
Pagination 28 p., 138 p. ;
Size 19cm.
650 ## - SUBJECT ADDED ENTRY--TOPICAL TERM
Topical term or geographic name as entry element Inscriptions, Sanskrit.
9 (RLIN) 79148
942 ## - ADDED ENTRY ELEMENTS (KOHA)
Source of classification or shelving scheme Dewey Decimal Classification
Koha item type Books
Holdings
Lost status Source of classification or shelving scheme Damaged status Not for loan Collection code Permanent Location Current Location Shelving location Date acquired Source of acquisition Cost, normal purchase price Total Checkouts Full call number Date last seen Copy number Koha item type
  Dewey Decimal Classification     Non-fiction Central Library, University of Rajshahi Central Library, University of Rajshahi   13/04/1964 F.K.L. Unshopshange 10.00   954.12 CHS 1958 23/03/2014 C-3 Books
  Dewey Decimal Classification     Non-fiction Central Library, University of Rajshahi Central Library, University of Rajshahi   13/04/1964 F.K.L. Unshopshange 10.50   954.12 CHS 1958 23/03/2014 C-3 Books
  Dewey Decimal Classification     Non-fiction Central Library, University of Rajshahi Central Library, University of Rajshahi   13/04/1964 F.K.L. Unshopshange 10.50   954.12 CHS 1958 23/03/2014 C-1 Books